000
00265nam a2200109Ia 4500
008
230907s9999||||xx |||||||||||||| ||und||
082
_a
658.1511
_b
JIA
245
0
_a
Managerial accounting /
260
_a
Wiley,
_b
New Jersey :
_c
2010
300
_a
572 p.
942
_c
BK
999
_c
600189
_d
600189